[Event "Asian University (Women)"]
[Site "Tornelo INT"]
[Date "2021.09.04"]
[Round "6"]
[White "Michelle, Catherina P"]
[Black "Jing, Jiyu"]
[Result "1-0"]
[WhiteElo "2176"]
[BlackElo "1581"]
[PlyCount "71"]
[EventDate "2021.09.03"]
[EventType "swiss (rapid)"]
[EventRounds "9"]
[EventCountry "NET"]
[SourceTitle "CBM 204 Extra"]
[Source "ChessBase"]
[SourceDate "2021.11.30"]
[SourceVersion "1"]
[SourceVersionDate "2021.11.30"]
[SourceQuality "1"]

1. e4 e5 2. Nf3 Nc6 3. Bb5 a6 4. Ba4 Nf6 5. d3 b5 6. Bb3 Be7 7. 0-0 0-0 8. a4 Bb7 9. Re1 d6 10. Nbd2 Na5 11. Ba2 bxa4 12. Nf1 c5 13. Ng3 Bc8 14. h3 Qb6 15. Nh2 Bd7 16. Ng4 Nxg4 17. hxg4 Be6 18. Nf5 Qd8 19. Bd5 Bxd5 20. exd5 Nb7 21. f4 g6 22. Nxe7+ Qxe7 23. Rxa4 f6 24. c3 Qf7 25. Qb3 c4 26. Qxc4 Rfc8 27. Rxa6 Rxa6 28. Qxc8+ Kg7 29. fxe5 dxe5 30. g5 Qxd5 31. gxf6+ Rxf6 32. Be3 Rf8 33. Bh6+ Kxh6 34. Qxf8+ Kg5 35. Qe7+ Kh6 36. Rxe5 1-0

[Event "Asian University (Women)"]
[Site "Tornelo INT"]
[Date "2021.09.03"]
[Round "1"]
[White "Jing, Jiyu"]
[Black "Wijayanti, Retno"]
[Result "0-1"]
[WhiteElo "1581"]
[BlackElo "2071"]
[PlyCount "98"]
[EventDate "2021.09.03"]
[EventType "swiss (rapid)"]
[EventRounds "9"]
[EventCountry "NET"]
[SourceTitle "CBM 204 Extra"]
[Source "ChessBase"]
[SourceDate "2021.11.30"]
[SourceVersion "1"]
[SourceVersionDate "2021.11.30"]
[SourceQuality "1"]

1. e4 c5 2. c3 e6 3. d4 cxd4 4. cxd4 d5 5. e5 Ne7 6. Bd3 Nbc6 7. Nf3 Ng6 8. 0-0 Be7 9. Nc3 0-0 10. Re1 a6 11. a3 Re8 12. Bc2 b5 13. b4 a5 14. Nxb5 axb4 15. Bb2 bxa3 16. Nxa3 Ba6 17. Ba4 Qb6 18. Bc3 Rec8 19. Qd2 Bb4 20. Rab1 Bxc3 21. Qxc3 Qa5 22. Qxa5 Nxa5 23. Nb5 Nc4 24. g3 Bxb5 25. Bxb5 Na3 26. Rb3 Nxb5 27. Rxb5 Rc3 28. Kg2 h6 29. Re2 Raa3 30. Ne1 Ne7 31. Rd2 Nc6 32. Rb7 Rc4 33. Nf3 Raa4 34. Rc7 Nxe5 35. Rxc4 Nxc4 36. Rc2 Nd6 37. Rc6 Nf5 38. Rc8+ Kh7 39. Rc7 Nxd4 40. Rxf7 Nxf3 41. Kxf3 Kg6 42. Rd7 Kf6 43. Ke3 Ra3+ 44. Kd4 Rf3 45. Rd8 Ke7 46. Rg8 Kf7 47. Ra8 Rxf2 48. Ra7+ Kf6 49. h3 Rf3 0-1

[Event "Asia-ch Universities (Women)"]
[Site "Chess.com INT"]
[Date "2020.12.15"]
[Round "3"]
[White "Chen, Yiru"]
[Black "Jing, Jiyu"]
[Result "1-0"]
[WhiteElo "1828"]
[BlackElo "1581"]
[PlyCount "111"]
[EventDate "2020.12.15"]
[EventType "swiss"]
[EventRounds "9"]
[EventCountry "IRI"]
[SourceTitle "EXT 2022"]
[Source "ChessBase"]
[SourceDate "2021.10.06"]
[SourceVersion "1"]
[SourceVersionDate "2021.10.06"]
[SourceQuality "1"]

1. e4 e5 2. Nf3 Nc6 3. Bb5 a6 4. Ba4 Nf6 5. 0-0 Be7 6. Re1 b5 7. Bb3 d6 8. c3 0-0 9. h3 Na5 10. Bc2 c5 11. d4 Qc7 12. Nbd2 Nc6 13. d5 Na5 14. b3 Bd7 15. Nf1 Rfe8 16. Ng3 g6 17. Bg5 Bc8 18. Qd2 c4 19. b4 Nb7 20. Nh2 Qd8 21. f4 exf4 22. Bxf4 Bf8 23. Nf3 Bg7 24. Nd4 Qb6 25. Kh2 a5 26. a3 Bd7 27. Rf1 axb4 28. axb4 Rxa1 29. Rxa1 Bc8 30. Be3 Nd7 31. Ne6 Nbc5 32. bxc5 dxc5 33. Nxg7 Kxg7 34. Bh6+ Kg8 35. Rf1 b4 36. Qg5 Qd6 37. Qe3 b3 38. Bb1 Bb7 39. Qf2 f6 40. Be3 Qe7 41. Rd1 Rc8 42. Ne2 Qe5+ 43. Bf4 Qe7 44. Bg3 Rd8 45. Nf4 Nf8 46. Qf3 Kg7 47. Bf2 Qe5 48. Kh1 Qd6 49. Be3 Rc8 50. Qf2 Ba6 51. Rf1 Bb5 52. Ne6+ Nxe6 53. Qxf6+ Kg8 54. dxe6 Re8 55. Qf7+ Kh8 56. Bh6 1-0